Советские военачальники на белорусской земле: путеводитель по местам жизни и деятельности

Bibliografiset tiedot
Päätekijä: Иоффе Э. Г. Эмануил Григорьевич
Kieli:venäjä
Julkaistu: Минск, Полымя, 1988
Aiheet:
Aineistotyyppi: Kirja
KOHA link:https://koha.lib.tpu.ru/cgi-bin/koha/opac-detail.pl?biblionumber=261058

MARC

LEADER 00000nam0a2200000 4500
001 261058
005 20231101233531.0
010 |a 5345000069 
035 |a (RuTPU)RU\TPU\book\284031 
090 |a 261058 
100 |a 20140520d1988 m y0rusy50 ca 
101 0 |a rus 
102 |a BY 
105 |a c z 001zd 
200 1 |a Советские военачальники на белорусской земле  |e путеводитель по местам жизни и деятельности  |f Э. Г. Иоффе 
210 |a Минск  |c Полымя  |d 1988 
215 |a 239 с.  |c портр. 
320 |a Библиогр.: с. 237-238. 
600 1 |a Фрунзе  |g Михаил Васильевич  |b М. В.  |c российский политический и военный деятель  |f 1885-1925  |2 stltpush  |3 (RuTPU)RU\TPU\pers\1133 
600 1 |a Орджоникидзе  |b Г. К. (С.)  |c российский политический и государственный деятель  |f 1886-1937  |g Григорий Константинович (Серго)  |2 stltpush  |3 (RuTPU)RU\TPU\pers\12369  |9 3379 
600 1 |a Гай  |b Г. Д.  |c российский военный деятель  |c герой Гражданской войны  |f 1887-1937  |g Гая Дмитриевич  |c командир Красной Армии  |c настоящее имя Гайк Бжишкян  |2 stltpush  |3 (RuTPU)RU\TPU\pers\14901 
600 1 |a Фабрициус  |b Я. Ф.  |c российский военный и партийный деятель  |f 1877-1929  |g Ян Фрицевич  |2 stltpush  |3 (RuTPU)RU\TPU\pers\14911  |9 5064 
600 1 |a Ворошилов  |b К. Е.  |c Маршал Советского Союза  |c Герой Советского Союза  |f 1881-1969  |g Клим Ефремович  |2 stltpush  |3 (RuTPU)RU\TPU\pers\12481  |9 3488 
600 1 |a Буденный  |b С. М.  |c российский военачальник  |c Маршал Советского Союза  |f 1883-1973  |g Семен Михайлович  |c трижды Герой Советского Союза  |2 stltpush  |3 (RuTPU)RU\TPU\pers\12483 
600 1 |a Жуков  |b Г. К.  |c русский полководец, маршал СССР  |f 1896-1974  |g Георгий Константинович  |2 stltpush  |3 (RuTPU)RU\TPU\pers\175  |9 94 
600 1 |a Рокоссовский  |b К. К,  |c российский полководец  |c Маршал Советского Союза  |f 1896-1968  |g Константин Константинович  |c дважды Герой Советского Союза  |2 stltpush  |3 (RuTPU)RU\TPU\pers\12451 
600 1 |a Конев  |b И. С.  |c российский военный деятель, маршал Советского Союза (1944)  |c дважды Герой Советского Союза (1944, 1945)  |f 1897-1973  |g Иван Степанович  |2 stltpush  |3 (RuTPU)RU\TPU\pers\21646  |9 9109 
606 1 |a Вооруженные силы  |x СССР  |x История  |2 stltpush  |3 (RuTPU)RU\TPU\subj\3696  |9 32074 
610 1 |a военачальники 
610 1 |a Белоруссия 
610 1 |a биографии 
610 1 |a персоналии 
610 1 |a полководцы 
610 1 |a жизнь 
610 1 |a деятельность 
686 |a Ц4,6(2)1я2  |v LBC/SL-A  |2 rubbk 
700 1 |a Иоффе  |b Э. Г.  |g Эмануил Григорьевич 
801 1 |a RU  |b 63413507  |c 20140520 
801 2 |a RU  |b 63413507  |c 20150320  |g RCR 
942 |c BK